Documentos de Estudio. Realidad Centroaméricana. Declaraciones de los PDC. con relación a las FF.AA.
Gorde:
| Formatua: | Texto |
|---|---|
| Argitaratua: |
s.l:
INCEP
|
| Etiketak: |
Etiketa erantsi
Etiketarik gabe, Izan zaitez lehena erregistro honi etiketa jartzen!
|
MARC
| LEADER | 00000 a a2200000 04500 | ||
|---|---|---|---|
| 001 | 25311 | ||
| 003 | |||
| 040 | |||
| 090 | |a 150014 | ||
| 245 | |a Documentos de Estudio. Realidad Centroaméricana. Declaraciones de los PDC. con relación a las FF.AA. | ||
| 260 | |a s.l: |b INCEP | ||
| 999 | |c 11693 |d 11693 | ||
